|
|
|
|
| LEADER |
01257nam a2200313 a 4500 |
| 001 |
15045059 |
| 008 |
111024r20011998ctua b 001 0 eng d |
| 010 |
|
|
|a 2007299570
|
| 020 |
|
|
|a 8125020233
|
| 020 |
|
|
|a 9781934389096 (pbk.)
|
| 020 |
|
|
|a 1934389099 (pbk.)
|
| 040 |
|
|
|a DPL
|c DPL
|d BTCTA
|d BAKER
|d YDXCP
|d DLC
|d BD-DhAAL
|
| 042 |
|
|
|a lccopycat
|
| 082 |
0 |
4 |
|a 149.97
|2 22
|
| 100 |
1 |
|
|a Powell, Jim,
|d 1946-
|
| 245 |
1 |
0 |
|a Postmodernism for beginners /
|c Jim Powell ; illustrated by Joe Lee.
|
| 250 |
|
|
|a Reprint ed.
|
| 260 |
|
|
|a Danbury, CT :
|b For Beginners LLC ;
|a Chennai :
|o reint Longman,
|c 2001
|
| 300 |
|
|
|a 163 p. :
|b ill. ;
|c 23 cm.
|
| 500 |
|
|
|a "A For Beginners documentary comic book"--T.p. verso.
|
| 500 |
|
|
|a Originally published: [London ; New York] : Writers and Readers, Inc., 1998.
|
| 504 |
|
|
|a Includes bibliographical references (p. 158-159) and index.
|
| 541 |
|
|
|e 00014438
|
| 650 |
|
0 |
|a Postmodernism.
|
| 650 |
|
0 |
|a Philosophy, Modern
|y 20th century.
|
| 650 |
|
0 |
|a Arts, Modern
|y 20th century.
|
| 852 |
1 |
|
|a Ayesha Abed Library
|c General shelf.
|
| 999 |
|
|
|c 11354
|d 11354
|
| 952 |
|
|
|0 0
|1 0
|2 ddc
|4 0
|6 149_970000000000000_POW
|7 0
|9 18461
|a BRACUL
|b BRACUL
|c GEN
|d 2011-10-26
|l 9
|m 27
|o 149.97 POW
|p 3010014438
|r 2024-11-12
|s 2024-10-30
|t 1
|w 2011-10-26
|y BK
|